Statistiques concernant Villes françaises par évolution démographique

Cliquez ici pour prendre le quiz!

Statistiques générales

  • Ce quiz a été pris 102 fois
  • Le résultat moyen est 13 sur 18

Statistiques - réponses

Evolution Ville française % Correct
- 43,000Paris
100%
+ 10,000Bordeaux
98%
+ 24,000Toulouse
98%
- 2,000Nice
97%
+ 11,000Marseille
97%
+ 16,000Nantes
96%
+ 22,000Lyon
96%
+ 13,000Montpellier
89%
+ 7,000Rennes
89%
- 1,000Brest
70%
- 2,000Metz
68%
- 1,000Rouen
60%
- 2,000Le Havre
58%
- 2,000Caen
57%
+ 6,000Nîmes
56%
- 1,000Amiens
51%
- 5,000Limoges
44%
+ 6,000Argenteuil
4%

Distribution des résultats

Percentile par nombre de réponses

% des personnes avec chaque résultat

Votre développement - résultats

Vous n’avez pas pris ce quiz